000 00684nam a2200289Ia 4500
005 20260324113528.0
008 008 260324s9999 xx 000 0 eng d
020 _a9781003220800
037 _aEBOOK
040 _aCRL
040 _beng
040 _cCRL
041 _2eng
041 _aeng
084 _qCRL
100 _aBolaji Balogun
_91147128
245 0 _aRace and the Colour-Line
245 4 _bThe Boundaries of Europeanness in Poland
260 _bTaylor and Francis
260 _c2023
365 _a
365 _b230
856 _uhttp://www.taylorfrancis.com/books/9781003220800
942 _cEBOOK
999 _c1736837
_d1736837